Mishkāt al-Maṣābīḥ. (Record no. 84437)

MARC details
000 -LEADER
fixed length control field 00854cam a22002531 4500
001 - CONTROL NUMBER
control field sa 68012298
003 - CONTROL NUMBER IDENTIFIER
control field DLC
005 - DATE AND TIME OF LATEST TRANSACTION
control field 20260227112608.0
008 - FIXED-LENGTH DATA ELEMENTS--GENERAL INFORMATION
fixed length control field 900220s1955 ii 000 0 arar
010 ## - LIBRARY OF CONGRESS CONTROL NUMBER
LC control number sa 68012298
035 ## - SYSTEM CONTROL NUMBER
System control number (OCoLC)21097663
040 ## - CATALOGING SOURCE
Original cataloging agency DLC
Transcribing agency WaU
Modifying agency DLC
042 ## - AUTHENTICATION CODE
Authentication code premarc
050 00 - LIBRARY OF CONGRESS CALL NUMBER
Classification number BP135.A2
Item number K39 1955
100 2# - MAIN ENTRY--PERSONAL NAME
Personal name Khaṭīb al-Tibrīzī, Muḥammad ibn ʻAbd Allāh,
Dates associated with a name active 1337.
245 10 - TITLE STATEMENT
Title Mishkāt al-Maṣābīḥ.
260 ## - PUBLICATION, DISTRIBUTION, ETC.
Date of publication, distribution, etc. 1375 [1955 or 6]
300 ## - PHYSICAL DESCRIPTION
Extent 628 p.
Dimensions 37 cm.
500 ## - GENERAL NOTE
General note Binder's title: Mihskāt al-Maṣābīh [by] Muḥammad ibn ʻAbd Allah al-Khaṭīb al-Tibrīzī.
500 ## - GENERAL NOTE
General note A commentary on the hadith collected by al-Baghawī.
500 ## - GENERAL NOTE
General note Reproduced from MS. copy.
600 10 - SUBJECT ADDED ENTRY--PERSONAL NAME
Personal name Baghawī, al-Ḥusayn ibn Masʻūd,
Dates associated with a name -1117?
Title of a work Maṣābīḥ al-sunnah.
650 #0 - SUBJECT ADDED ENTRY--TOPICAL TERM
Topical term or geographic name entry element Hadith.

No items available.

Powered by Koha